| 000 | 00448nam a2200169Ia 4500 | ||
|---|---|---|---|
| 008 | 221220s9999 xx 000 0 und d | ||
| 020 | _a978-81-318-0763-7 | ||
| 041 | _aEnglish | ||
| 100 | _aB. C. Punmia | ||
| 245 | 0 |
_aIrrigation & Water Power Engineering 17th Ed. _cby B. C. Punmia, P. B. B. Lal |
|
| 250 | _a17th | ||
| 260 |
_bL. P _aNew Delhi _c2022 |
||
| 300 | _a804 | ||
| 650 | _aBE Computer | ||
| 700 | _aP. B. B. Lal | ||
| 942 |
_2DDC _cBK |
||
| 999 |
_c19170 _d19170 |
||